| 000 | 01261cam a2200385 a 4500 | ||
|---|---|---|---|
| 001 | 4215 | ||
| 003 | FISKH | ||
| 005 | 20240705082740.0 | ||
| 008 | 021216s2003 nyua b b 001 0 eng | ||
| 010 | _a 2002155451 | ||
| 020 | _a0516258559 (lib. bdg.) | ||
| 020 | _a9780516244884 | ||
| 020 | _a0516278789 (pbk.) | ||
| 040 |
_aDLC _cDLC _dDLC _beng |
||
| 050 | _aF204.W5 | ||
| 082 | _a975.3 | ||
| 100 | 1 | _aDouglas, Lloyd G. | |
| 245 | 1 | 4 |
_aThe White House / _cby Lloyd G. Douglas. |
| 260 |
_aNew York : _bScholastic, _c2003. |
||
| 300 |
_a24 pages : _bcolor illustrations ; _c16 x 18 cm. |
||
| 490 | 1 | _aAmerican symbols | |
| 504 | _aIncludes bibliographical references (p. 23) and index. | ||
| 505 | _aJ | ||
| 520 | _aUses easy-to-read text to introduce the White House as an American symbol. | ||
| 521 | 8 |
_a480
_bLexile |
|
| 521 | 8 |
_aJ
_bRaz-Plus |
|
| 610 | 2 | 0 |
_aWhite House (Washington, D.C.) _vJuvenile literature. |
| 610 | 2 | 1 | _aWhite House (Washington, D.C.) |
| 650 | 0 |
_aPresidents _zUnited States _vJuvenile literature. |
|
| 650 | 1 | _aPresidents. | |
| 651 | 0 |
_aWashington (D.C.) _xBuildings, structures, etc. _vJuvenile literature. |
|
| 906 |
_a7 _bcbc _corignew _d1 _eecip _f20 _gy-gencatlg |
||
| 942 |
_2ddc _cBK _n0 |
||
| 999 |
_c4215 _d4215 |
||